000 00234nam a22000977a 4500
999 _c11801
_d11801
008 200218b ||||| |||| 00| 0 eng d
020 _a0590446924
100 _aCOWCHER HELEN
_97482
245 _aAntartica
260 _aNew York
_bScholastic